[Event "4NCL 3 South pool C"]
[Site "Daventry, ENG"]
[Date "2019.05.05"]
[Round "10.14"]
[White "Faulks, Nick"]
[Black "Duncan, Patrick C M"]
[Result "1/2-1/2"]
[WhiteElo "1925"]
[BlackElo "2021"]
[PlyCount "124"]
[EventDate "2019.05.05"]
[WhiteTeam "Surbiton"]
[BlackTeam "Check Innmates 1"]

1. e4 c6 2. c4 d5 3. exd5 cxd5 4. cxd5 Nf6 5. Qa4+ Bd7 6. Qb3 Qb6 7. Nc3 Na6 8.
Bc4 Qxb3 9. Bxb3 g6 10. Nf3 Bg7 11. O-O O-O 12. Re1 Rfe8 13. d4 Bf8 14. Bg5 h6
15. Bh4 g5 16. Bg3 Red8 17. h4 g4 18. Ne5 Be8 19. Ne4 Nxe4 20. Rxe4 h5 21. Nd3
Kh7 22. Nf4 Kh6 23. Rae1 Rac8 24. Re5 f6 25. R5e2 Bd7 26. d6 exd6 27. Nd5 f5
28. Ne7 Ra8 29. Bf7 Nb4 30. Bxd6 Nc6 31. Nxc6 Bxc6 32. Bxf8+ Rxf8 33. Re7 Kg7
34. Bxh5+ Kh8 35. R1e6 Bd5 36. Rh6+ Kg8 37. Rhh7 Rfc8 38. Reg7+ Kf8 39. Rc7 Kg8
40. Bg6 Be6 41. Rhe7 Rxc7 42. Rxc7 f4 43. h5 Bxa2 44. h6 b5 45. h7+ Kh8 46. Be4
Re8 47. f3 g3 48. Rxa7 Bd5 49. Kf1 Bxe4 50. fxe4 Rxe4 51. d5 Rd4 52. Ke2 Rxd5
53. Kf3 Rd2 54. Kxf4 Rxg2 55. Rb7 Rxb2 56. Kxg3 b4 57. Kf3 b3 58. Ke3 Rh2 59.
Kd3 b2 60. Kc3 Rh1 61. Kxb2 Rxh7 62. Rxh7+ Kxh7 1/2-1/2

[Event "4NCL 3 South pool C"]
[Site "Daventry, ENG"]
[Date "2019.05.05"]
[Round "10.15"]
[White "Parker, Francis"]
[Black "Way, Julian M"]
[Result "1/2-1/2"]
[WhiteElo "1998"]
[BlackElo "1973"]
[PlyCount "44"]
[EventDate "2019.05.05"]
[WhiteTeam "Check Innmates 1"]
[BlackTeam "Surbiton"]

1. f4 g6 2. Nf3 Bg7 3. c3 d6 4. e4 Nf6 5. e5 Nd5 6. d4 O-O 7. Bd3 Na6 8. O-O c5
9. Be4 Nb6 10. Nbd2 Rb8 11. Qe1 cxd4 12. cxd4 dxe5 13. fxe5 Nb4 14. Nb3 Nc6 15.
Qh4 f6 16. Bh6 Nd5 17. Rad1 b6 18. exf6 exf6 19. Ne5 Nce7 20. Bxg7 Kxg7 21.
Bxd5 Qxd5 22. Ng4 Bxg4 1/2-1/2

[Event "4NCL 3 South pool C"]
[Site "Daventry, ENG"]
[Date "2019.05.05"]
[Round "10.16"]
[White "Alcock, Graham P"]
[Black "Richmond, Peter"]
[Result "0-1"]
[WhiteElo "1750"]
[BlackElo "2075"]
[PlyCount "78"]
[EventDate "2019.05.05"]
[WhiteTeam "Surbiton"]
[BlackTeam "Check Innmates 1"]

1. e4 c5 2. d4 cxd4 3. c3 g6 4. cxd4 d5 5. e5 Nc6 6. Nc3 h5 7. Be2 Bf5 8. a3
Rc8 9. Nf3 e6 10. Be3 Bg4 11. Rc1 Nge7 12. Nh4 Bxe2 13. Qxe2 Nf5 14. Nxf5 gxf5
15. b4 f4 16. Bxf4 Nxd4 17. Qd3 Rc4 18. O-O Nc6 19. Ne2 Rxc1 20. Rxc1 Bh6 21.
Qd2 Bxf4 22. Qxf4 Rg8 23. Nd4 Rg4 24. Nxc6 Rxf4 25. Nxd8 Kxd8 26. g3 Re4 27. f4
Re3 28. Ra1 Re2 29. a4 Rb2 30. b5 Rc2 31. Ra3 Kc7 32. h4 Kb6 33. Ra1 d4 34. Kf1
Kc5 35. Rb1 d3 36. Rd1 Kd4 37. Rb1 Ke3 38. Rb3 Rc1+ 39. Kg2 Ke2 0-1

[Event "4NCL 3 South pool C"]
[Site "Daventry, ENG"]
[Date "2019.05.05"]
[Round "10.21"]
[White "Kwiatkowski, Feliks J"]
[Black "Piper, Matthew S"]
[Result "0-1"]
[WhiteElo "2230"]
[BlackElo "2362"]
[PlyCount "128"]
[EventDate "2019.05.05"]
[WhiteTeam "Kings Head"]
[BlackTeam "CSC 1"]

1. Nf3 Nf6 2. c4 c5 3. Nc3 Nc6 4. d4 cxd4 5. Nxd4 g6 6. e4 Bg7 7. Be3 d6 8. Be2
O-O 9. O-O Bd7 10. Qd2 Rc8 11. f3 Re8 12. Rfd1 Ne5 13. b3 Qa5 14. Rac1 a6 15.
Qb2 Nc6 16. Nxc6 Bxc6 17. Qd2 Nd7 18. Rc2 f5 19. exf5 gxf5 20. Rb1 Qe5 21. Rbc1
Qf6 22. b4 Ne5 23. Nd5 Qf7 24. Nb6 Rcd8 25. b5 Bd7 26. a4 Be6 27. Nd5 Rc8 28.
Nb6 Rcd8 29. bxa6 bxa6 30. Qa5 f4 31. Bf2 Qg6 32. Nd5 Bh6 33. Nxe7+ Rxe7 34.
Qxd8+ Bf8 35. Rb2 Bh3 36. g3 fxg3 37. hxg3 Qf6 38. Rb7 Nf7 39. Qa5 Rxe2 40. Qh5
Be6 41. f4 Ra2 42. a5 Ra1 43. Rbb1 Rxb1 44. Rxb1 Bxc4 45. Rd1 Be6 46. Bd4 Qg6
47. Qxg6+ hxg6 48. Rc1 Bd5 49. Rc7 Bg7 50. Bxg7 Kxg7 51. Kf2 Kf6 52. g4 Ke6 53.
Ra7 Bc4 54. Rc7 Bb5 55. g5 Nd8 56. Ke3 d5 57. Rg7 Kf5 58. Rg8 Ne6 59. Rb8 d4+
60. Kf3 Bc6+ 61. Kg3 d3 62. Rb2 Nc5 63. Rb6 d2 64. Rxc6 Ne4+ 0-1

[Event "4NCL 3 South pool C"]
[Site "Daventry, ENG"]
[Date "2019.05.05"]
[Round "10.22"]
[White "Farrand, Tom"]
[Black "Okike, David"]
[Result "1/2-1/2"]
[WhiteElo "2163"]
[BlackElo "2168"]
[PlyCount "184"]
[EventDate "2019.05.05"]
[WhiteTeam "CSC 1"]
[BlackTeam "Kings Head"]

1. e4 e6 2. d4 d5 3. Nc3 Nf6 4. Bg5 dxe4 5. Nxe4 Be7 6. Bxf6 gxf6 7. Nf3 f5 8.
Nc3 c6 9. Qd2 Nd7 10. Be2 a5 11. O-O O-O 12. Rfd1 Kh8 13. Qe3 Rg8 14. Ne5 Rg7
15. Bf3 Qc7 16. h3 Nb6 17. Qe2 Bd7 18. Re1 Bf6 19. Rad1 Rag8 20. Kh1 $11 Bc8
21. a3 Nd7 22. Na4 Nb6 23. Nxb6 Qxb6 24. c4 c5 25. d5 Rd8 26. Bh5 Kg8 27. Rd3
Qc7 28. Nxf7 Rxf7 29. Bxf7+ Qxf7 30. dxe6 Qe7 31. Rxd8+ Qxd8 32. Qh5 Qe7 33.
Qxf5 Bxb2 34. Re4 Bg7 35. h4 h6 36. Qg6 Kh8 37. Qf7 Bf8 38. Qg6 b6 $11 39. Kh2
Bg7 40. g3 Bf8 41. Re2 Bb7 42. Re5 Bc6 43. Qd3 Bg7 44. Re2 Bd4 45. Qf5 b5 46.
Qf4 Kg7 47. Qg4+ Kh7 48. cxb5 Bxb5 49. Re4 Be8 50. Rf4 Bg7 51. Qf5+ Bg6 52. Qd5
Be8 53. h5 Bd4 54. Qf5+ Kg7 55. Rg4+ Kh8 56. Rf4 Kg7 57. Rg4+ Kh8 58. Rf4 $11
Bg7 59. Qd5 a4 60. Qa8 Kh7 61. Qe4+ Kg8 62. Rf5 Bd4 63. Qg4+ Kh8 64. Qe4 Kg7
65. Kh3 Bf6 66. g4 c4 67. Qxc4 Qxa3+ 68. f3 Qe7 69. Rc5 Kf8 70. Rc8 Be5 71. Ra8
Bf6 72. Qe4 Kg7 73. Qe3 Qf8 74. Ra7+ Kg8 75. Qe4 Be7 76. f4 Qf6 77. Ra8 Qh4+
78. Kg2 Qxg4+ 79. Kf2 Qxh5 80. f5 Kf8 81. Qe5 Qh4+ 82. Ke2 Qg4+ 83. Kd3 Qf3+
84. Kc2 Qb3+ 85. Kd2 Bg5+ 86. Ke2 Qc2+ 87. Kf1 Qd3+ 88. Kg2 Qc2+ 89. Kh3 Qb3+
90. Kh2 Qc2+ 91. Kh3 Qb3+ 92. Kh2 Qc2+ 1/2-1/2

[Event "4NCL 3 South pool C"]
[Site "Daventry, ENG"]
[Date "2019.05.05"]
[Round "10.23"]
[White "McMichael, Richard J"]
[Black "Thompson, Ian D"]
[Result "1-0"]
[WhiteElo "2177"]
[BlackElo "2149"]
[PlyCount "77"]
[EventDate "2019.05.05"]
[WhiteTeam "Kings Head"]
[BlackTeam "CSC 1"]

1. Nf3 d5 2. b3 Nf6 3. e3 Bg4 4. Bb2 Nbd7 5. Be2 c5 6. c4 e6 7. Nc3 Be7 8. cxd5
exd5 9. d4 O-O 10. O-O a6 11. Rc1 Rc8 12. dxc5 Nxc5 13. Nd4 Bxe2 14. Qxe2 Qd7
15. Rfd1 Rfd8 16. Qf3 Ne6 17. Nf5 Bf8 18. h4 g6 19. Ne2 Rxc1 20. Rxc1 Ne4 21.
Nfd4 Bg7 22. Rd1 Rc8 23. Nxe6 fxe6 24. Qxe4 Bxb2 25. Nf4 Re8 26. h5 g5 27. Ne2
Re7 28. Qg4 h6 29. Ng3 Rg7 30. e4 d4 31. Qe2 Bc3 32. e5 Qc7 33. Ne4 b5 34. Rd3
b4 35. Nf6+ Kf8 36. Rf3 Ke7 37. Qxa6 g4 38. Nd5+ exd5 39. Qf6+ 1-0

[Event "4NCL 3 South pool C"]
[Site "Daventry, ENG"]
[Date "2019.05.05"]
[Round "10.24"]
[White "Frostick, Clive A"]
[Black "Guthrie, David"]
[Result "1/2-1/2"]
[WhiteElo "2121"]
[BlackElo "2131"]
[PlyCount "26"]
[EventDate "2019.05.05"]
[WhiteTeam "CSC 1"]
[BlackTeam "Kings Head"]

1. e4 e5 2. Nc3 Nf6 3. f4 d5 4. fxe5 Nxe4 5. Qf3 Nc6 6. Bb5 Nxc3 7. dxc3 Be7 8.
Bf4 Be6 9. Qe3 a6 10. Bxc6+ bxc6 11. Nf3 Qb8 12. b3 Qb6 13. O-O h6 1/2-1/2

[Event "4NCL 3 South pool C"]
[Site "Daventry, ENG"]
[Date "2019.05.05"]
[Round "10.25"]
[White "Gilfillan, Andrew"]
[Black "Scrimgour, Alan"]
[Result "1/2-1/2"]
[WhiteElo "2095"]
[BlackElo "2087"]
[PlyCount "34"]
[EventDate "2019.05.05"]
[WhiteTeam "Kings Head"]
[BlackTeam "CSC 1"]

1. e4 c5 2. Nf3 e6 3. d3 d5 4. Nbd2 Nc6 5. g3 g6 6. Bg2 Bg7 7. O-O Nge7 8. Re1
O-O 9. Qe2 b5 10. a4 bxa4 11. exd5 exd5 12. Rxa4 Nf5 13. Nb3 Qb6 14. g4 Nd6 15.
Bf4 Nb7 16. Ng5 Bd7 17. Raa1 Rae8 1/2-1/2

[Event "4NCL 3 South pool C"]
[Site "Daventry, ENG"]
[Date "2019.05.05"]
[Round "10.26"]
[White "Kalitsis, Nikolaos"]
[Black "Clarke, Peter C"]
[Result "1/2-1/2"]
[WhiteElo "2046"]
[BlackElo "2102"]
[PlyCount "151"]
[EventDate "2019.05.05"]
[WhiteTeam "CSC 1"]
[BlackTeam "Kings Head"]

1. f4 d6 2. Nf3 g6 3. e4 Bg7 4. d4 Nd7 5. Bc4 e6 6. Nc3 Ne7 7. Be3 a6 8. a4 O-O
9. O-O h6 10. g4 Nb6 11. Bb3 d5 12. e5 Bd7 13. Qe2 a5 14. h4 Qe8 15. Rf2 f5 16.
exf6 Rxf6 17. Ne5 Rf8 18. Bd2 Bxe5 19. fxe5 Rxf2 20. Qxf2 h5 21. gxh5 gxh5 22.
Kh2 Qf7 23. Rg1+ Kf8 24. Qe2 Nf5 25. Rf1 Kg8 26. Bg5 Kh7 27. Qd3 Rg8 28. Ne2
Nxa4 29. Bxa4 Bxa4 30. Nf4 Bd7 31. Qc3 c6 32. Qd3 b5 33. c3 a4 34. Qf3 Be8 35.
Nxe6 Qxe6 36. Qxf5+ Qxf5 37. Rxf5 Bd7 38. Rf2 Be6 39. Kg3 Rg7 40. Rf6 Rg6 41.
Rf4 Rg7 42. Rf6 Rg6 43. Kf4 Kg7 44. Ke3 Kh7 45. Rf2 Rg7 46. Kd2 Rf7 47. Bf6 Kg6
48. Kc1 Bf5 49. Rf1 Rf8 50. Rg1+ Bg4 51. Rf1 Bf5 52. b3 axb3 53. Rg1+ Bg4 54.
Kb2 Ra8 55. Kxb3 Kf7 56. Rf1 Ke6 57. Bg5 Bf5 58. Rf3 Ra4 59. Rf1 Ra6 60. Bd2
Ra4 61. Rf2 Rc4 62. Bc1 b4 63. Bb2 bxc3 64. Bxc3 c5 65. Rf4 cxd4 66. Rxd4 Rxc3+
67. Kxc3 Kxe5 68. Rd1 Bg4 69. Rf1 Ke4 70. Kd2 Bf3 71. Rg1 Bg4 72. Rf1 Bf3 73.
Rg1 d4 74. Re1+ Kf4 75. Kd3 Kg3 76. Re5 1/2-1/2

[Event "4NCL 3 South pool C"]
[Site "Daventry, ENG"]
[Date "2019.05.05"]
[Round "10.31"]
[White "Moloney, Nicholas R"]
[Black "Brown, Thomas"]
[Result "1-0"]
[WhiteElo "2157"]
[BlackElo "2079"]
[PlyCount "105"]
[EventDate "2019.05.05"]
[WhiteTeam "Fermented Sharks"]
[BlackTeam "Rhyfelwyr Essyllwg"]

1. d4 g6 2. c4 Nf6 3. Nc3 Bg7 4. e4 d6 5. Nge2 O-O 6. Ng3 e5 7. d5 c6 8. Be2
cxd5 9. cxd5 Nbd7 10. O-O h5 11. Bg5 Qb6 12. Be3 Qd8 13. f3 h4 14. Nh1 Nh5 15.
Nb5 Nf4 16. Rf2 h3 17. g3 Ng2 18. Bd2 Qb6 19. Qc1 a6 20. Na3 Nf6 21. Nc4 Qd8
22. Bf1 b5 23. Ba5 Qe7 24. Nb6 Rb8 25. Rc2 Qa7 26. Bxg2 Rxb6 27. Bxb6 Qxb6+ 28.
Nf2 Bd7 29. Bf1 Kh7 30. Kh1 Bh6 31. Qe1 Be3 32. Nxh3 Kg7 33. Re2 Bd4 34. Ng5
Rh8 35. h4 Qd8 36. Rh2 Nh5 37. Bh3 f5 38. Rd1 Qb6 39. Rc2 Bc5 40. Kg2 b4 41. b3
Be3 42. Ne6+ Bxe6 43. dxe6 f4 44. g4 Ng3 45. Rdc1 Bxc1 46. Qxc1 Rxh4 47. Rc7+
Kf6 48. Rf7+ Kg5 49. e7 Qb5 50. Qc4 Qa5 51. e8=Q Qxa2+ 52. Kg1 Qa1+ 53. Qf1 1-0

[Event "4NCL 3 South pool C"]
[Site "Daventry, ENG"]
[Date "2019.05.05"]
[Round "10.32"]
[White "Hewitt, William"]
[Black "Okhai, Shabir"]
[Result "1/2-1/2"]
[WhiteElo "2018"]
[BlackElo "2073"]
[PlyCount "39"]
[EventDate "2019.05.05"]
[WhiteTeam "Rhyfelwyr Essyllwg"]
[BlackTeam "Fermented Sharks"]

1. e4 e5 2. Nf3 Nc6 3. Nc3 Nf6 4. d4 exd4 5. Nxd4 d6 6. Bb5 Bd7 7. O-O Be7 8.
h3 O-O 9. Re1 Nxd4 10. Qxd4 Bxb5 11. Nxb5 Nd7 12. Nc3 Bf6 13. Qb4 Bxc3 14. Qxc3
Re8 15. Bf4 Ne5 16. Rad1 Qe7 17. b3 f6 18. Qd4 b6 19. f3 Qf7 20. Kh2 1/2-1/2

[Event "4NCL 3 South pool C"]
[Site "Daventry, ENG"]
[Date "2019.05.05"]
[Round "10.33"]
[White "Niccoli, Tony"]
[Black "Garcia, Jason"]
[Result "0-1"]
[WhiteElo "2038"]
[BlackElo "2024"]
[PlyCount "54"]
[EventDate "2019.05.05"]
[WhiteTeam "Fermented Sharks"]
[BlackTeam "Rhyfelwyr Essyllwg"]

1. e4 c5 2. Nc3 Nc6 3. g3 g6 4. Bg2 Bg7 5. Nge2 e6 6. O-O Nge7 7. d3 O-O 8. f4
d6 9. Kh1 Rb8 10. a4 b6 11. Be3 d5 12. Bg1 d4 13. Nb1 f5 14. Nd2 e5 15. exf5
Bxf5 16. Ne4 Qd7 17. Bf2 Nd5 18. fxe5 Nxe5 19. c3 Ng4 20. Qe1 Nde3 21. Bxe3
Nxe3 22. Rf4 Nc2 23. Qd1 Nxa1 24. Qxa1 dxc3 25. N2xc3 Qxd3 26. Qa2+ Kh8 27. Rf3
Bxe4 0-1

[Event "4NCL 3 South pool C"]
[Site "Daventry, ENG"]
[Date "2019.05.05"]
[Round "10.34"]
[White "Trevelyan, John"]
[Black "Voyiakis, Emmanuel"]
[Result "1/2-1/2"]
[WhiteElo "1989"]
[BlackElo "2022"]
[PlyCount "48"]
[EventDate "2019.05.05"]
[WhiteTeam "Rhyfelwyr Essyllwg"]
[BlackTeam "Fermented Sharks"]

1. d4 d5 2. Nf3 Nf6 3. c4 dxc4 4. e3 e6 5. Bxc4 c5 6. O-O a6 7. dxc5 Bxc5 8.
Qxd8+ Kxd8 9. Rd1+ Ke7 10. Nc3 b5 11. Bd3 Bb7 12. b3 Nc6 13. Bb2 Nb4 14. Be2
Rad8 15. a4 Rxd1+ 16. Rxd1 bxa4 17. Nxa4 Bd6 18. Ba3 Nbd5 19. Bxd6+ Kxd6 20.
Ng5 Ke7 21. Bc4 Nd7 22. Kf1 N5b6 23. Nxb6 Nxb6 24. Bd3 h6 1/2-1/2

[Event "4NCL 3 South pool C"]
[Site "Daventry, ENG"]
[Date "2019.05.05"]
[Round "10.35"]
[White "Agnew, Alan"]
[Black "Ralphs, Nigel"]
[Result "0-1"]
[WhiteElo "2086"]
[BlackElo "1979"]
[PlyCount "102"]
[EventDate "2019.05.05"]
[WhiteTeam "Fermented Sharks"]
[BlackTeam "Rhyfelwyr Essyllwg"]

1. d4 d5 2. c4 c6 3. Nf3 Nf6 4. Nc3 dxc4 5. a4 Bf5 6. Ne5 Nbd7 7. Nxc4 Nb6 8.
Ne3 Bg6 9. g3 e6 10. Bg2 a5 11. O-O Bb4 12. Nc2 Bxc2 13. Qxc2 Qxd4 14. e4 Nbd7
15. Be3 Qd6 16. Na2 Bc5 17. Rad1 Qe7 18. Bg5 h6 19. Bxf6 Nxf6 20. e5 Nd5 21.
Nc3 Nxc3 22. Qxc3 O-O 23. Rd3 Bb6 24. Rfd1 Rfd8 25. Kf1 Rxd3 26. Rxd3 Rd8 27.
Ke2 Rxd3 28. Kxd3 Qd7+ 29. Ke2 Qd4 30. Qxd4 Bxd4 31. b3 Bxe5 32. Kd3 Kf8 33. f4
Bc7 34. Ke4 f5+ 35. Kf3 Ke7 36. Bf1 Kf6 37. Bc4 e5 38. fxe5+ Kxe5 39. h4 g5 40.
hxg5 hxg5 41. Ke3 f4+ 42. gxf4+ gxf4+ 43. Ke2 Kd4 44. Kd2 Kc5 45. Be6 Kb4 46.
Kc2 f3 47. Kd3 f2 48. Ke2 Bg3 49. Bc8 Kxb3 50. Bxb7 Kxa4 51. Bxc6+ Kb4 0-1

[Event "4NCL 3 South pool C"]
[Site "Daventry, ENG"]
[Date "2019.05.05"]
[Round "10.36"]
[White "Jones, Derek"]
[Black "Dydak, Mateusz"]
[Result "1/2-1/2"]
[WhiteElo "1925"]
[BlackElo "1875"]
[PlyCount "98"]
[EventDate "2019.05.05"]
[WhiteTeam "Rhyfelwyr Essyllwg"]
[BlackTeam "Fermented Sharks"]

1. Nf3 f5 2. c4 Nc6 3. Nc3 d6 4. g3 Nf6 5. Bg2 e5 6. d3 Be7 7. O-O O-O 8. b3
Rb8 9. Nd2 f4 10. h3 Nd4 11. e3 Nf5 12. Nde4 fxg3 13. fxg3 Nxe4 14. Nxe4 Qe8
15. Kh2 Qg6 16. Qe2 Bd7 17. Bf3 Bc6 18. Bh5 Qh6 19. Bd2 g6 20. Bf3 Rf7 21. b4
Bd7 22. Nf2 Ng7 23. Ng4 Bxg4 24. Bxg4 Rbf8 25. Rxf7 Rxf7 26. Bf3 c6 27. b5 Ne6
28. bxc6 Ng5 29. Bg4 bxc6 30. Kg2 Rf8 31. e4 Qg7 32. h4 Nf7 33. Be3 c5 34. Be6
Kh8 35. Rb1 Nd8 36. Bd5 h6 37. Qd2 Kh7 38. Qe2 Qf6 39. Rf1 Qxf1+ 40. Qxf1 Rxf1
41. Kxf1 g5 42. hxg5 hxg5 43. g4 Kg7 $11 44. Ke2 Kf8 45. Kd1 Ke8 46. Kc2 Kd7
47. Kb3 Nc6 48. Bxc6+ Kxc6 49. Ka4 a6 1/2-1/2

[Event "4NCL 3 South pool C"]
[Site "Daventry, ENG"]
[Date "2019.05.05"]
[Round "10.41"]
[White "Hughes, Roy"]
[Black "Pozimski, Szymon"]
[Result "1/2-1/2"]
[WhiteElo "1987"]
[BlackElo "2010"]
[PlyCount "107"]
[EventDate "2019.05.05"]
[WhiteTeam "Iceni 1"]
[BlackTeam "Oxford 2"]

1. d4 Nf6 2. c4 e6 3. Nc3 d5 4. cxd5 Nxd5 5. e4 Nxc3 6. bxc3 c5 7. Nf3 cxd4 8.
cxd4 Bb4+ 9. Bd2 Bxd2+ 10. Qxd2 O-O 11. Bc4 Nc6 12. O-O b6 13. Rfe1 Bb7 14.
Rad1 Qf6 15. e5 Qe7 16. d5 exd5 17. Bxd5 Nd8 18. Ng5 Bxd5 19. Qxd5 Rc8 20. Ne4
Ne6 21. Nd6 Rc5 22. Qb3 Rd8 23. Qf3 Rc7 24. Nf5 Qf8 25. h4 Rcd7 26. Rxd7 Rxd7
27. Rd1 Rxd1+ 28. Qxd1 Qd8 29. Qf3 Nf8 30. h5 Qg5 31. Nd6 Qe7 32. Qd5 Qe6 33.
Qxe6 Nxe6 34. Nc8 Nf4 35. Nxa7 Kf8 36. a4 Ke8 37. g3 Ne2+ 38. Kg2 Nc3 39. Kf3
Nxa4 40. Ke3 Kd7 41. Nb5 Ke6 42. f4 Nc5 43. g4 g5 44. hxg6 hxg6 45. Kd4 Nb3+
46. Kc3 Na5 47. Kd4 Nc6+ 48. Ke4 f5+ $11 49. exf6 Kxf6 50. Nc7 Ne7 51. Kd4 g5
52. f5 Nxf5+ 53. gxf5 Kxf5 54. Ke3 1/2-1/2

[Event "4NCL 3 South pool C"]
[Site "Daventry, ENG"]
[Date "2019.05.05"]
[Round "10.42"]
[White "Moyse, Nigel John"]
[Black "Botham, C Paul"]
[Result "1-0"]
[WhiteElo "2061"]
[BlackElo "1948"]
[PlyCount "109"]
[EventDate "2019.05.05"]
[WhiteTeam "Oxford 2"]
[BlackTeam "Iceni 1"]

1. d4 Nf6 2. Nf3 g6 3. c3 Bg7 4. Bf4 d5 5. e3 c6 6. Bd3 Bg4 7. Nbd2 Nbd7 8. h3
Bxf3 9. Qxf3 Qb6 10. Rb1 O-O 11. O-O Rfe8 12. e4 dxe4 13. Nxe4 Nxe4 14. Bxe4
Nf6 15. Bc2 Rad8 16. Rfe1 Rd7 17. Bb3 e6 18. Be5 Nd5 19. Bxg7 Kxg7 20. Re2 Red8
21. Re5 Qc7 22. Rbe1 Nf6 23. R1e3 Rd6 24. Qg3 b5 25. h4 h5 26. Bd1 Rh8 27. Rg5
Qd8 28. Bc2 Rh6 29. Bd1 Rh8 30. Bf3 a6 31. Ree5 Kf8 32. Rc5 Nd5 33. Be4 Rg8 34.
Qf3 f5 35. Bc2 Kf7 36. Bb3 Qf6 37. g3 Rgd8 38. Bc2 R8d7 39. Qe2 Rd8 40. Qe5
R8d7 41. Qe2 Qg7 42. a4 Rc7 43. Qf1 Nf6 44. axb5 axb5 45. Bb3 Ne4 46. Rcxf5+
Ke7 47. Re5 Nxg5 48. Rxg5 Rc8 49. Bc2 Rd5 50. Rxg6 Qf7 51. Rh6 Rg8 52. Be4 Rd6
53. Qe2 b4 54. Rxh5 bxc3 55. bxc3 1-0

[Event "4NCL 3 South pool C"]
[Site "Daventry, ENG"]
[Date "2019.05.05"]
[Round "10.43"]
[White "Reynolds, D Ian W"]
[Black "Alizada, Eldar"]
[Result "1/2-1/2"]
[WhiteElo "2017"]
[BlackElo "1953"]
[PlyCount "136"]
[EventDate "2019.05.05"]
[WhiteTeam "Iceni 1"]
[BlackTeam "Oxford 2"]

1. e4 e6 2. d3 d5 3. Nd2 c5 4. Ngf3 Nc6 5. g3 Nf6 6. Bg2 Be7 7. O-O O-O 8. e5
Nd7 9. Re1 Qc7 10. Qe2 b5 11. Nf1 a5 12. Bf4 Ba6 13. h4 b4 14. c4 bxc3 15. bxc3
Rab8 16. Rab1 Rxb1 17. Rxb1 Rb8 18. Qc2 Rxb1 19. Qxb1 Qb6 20. Qxb6 Nxb6 21. Ne1
Bb5 22. Nd2 c4 23. d4 Na4 24. Nb1 Na7 25. Bd2 Bd7 26. Nc2 Nb5 27. Kf1 f6 28. f4
Be8 29. Ne3 Nc7 30. Bh3 fxe5 31. dxe5 Bg6 32. f5 exf5 33. Bxf5 Bxf5 34. Nxf5
Bc5 35. Ke2 Kf7 36. Nd4 Nb2 37. Be3 Nd3 38. Nf3 Bxe3 39. Kxe3 h6 40. Na3 Nc1
41. Kd2 Nxa2 42. Kc2 Nb4+ 43. cxb4 axb4 44. Nb1 Ke6 45. Kd2 Kf5 46. Nd4+ Kxe5
47. Nc6+ Ke4 48. Nxb4 Kf3 49. Nc3 Kxg3 50. Nbxd5 Nxd5 51. Nxd5 Kxh4 52. Ne3 g5
53. Nf5+ Kh5 54. Kc3 g4 55. Kxc4 Kg5 56. Ne3 Kf4 57. Kd3 h5 58. Ke2 g3 59. Ng2+
Kg4 60. Kf1 Kh3 61. Kg1 Kg4 62. Ne3+ Kf3 63. Ng2 Kg4 64. Ne3+ Kh3 65. Ng2 h4
66. Nxh4 Kxh4 67. Kg2 Kg4 68. Kg1 Kf3 1/2-1/2

[Event "4NCL 3 South pool C"]
[Site "Daventry, ENG"]
[Date "2019.05.05"]
[Round "10.44"]
[White "Hayward, Philip"]
[Black "Gibbs, Dominic V"]
[Result "1-0"]
[WhiteElo "1960"]
[BlackElo "1946"]
[PlyCount "151"]
[EventDate "2019.05.05"]
[WhiteTeam "Oxford 2"]
[BlackTeam "Iceni 1"]

1. c4 f5 2. g3 Nf6 3. Bg2 g6 4. Nf3 Bg7 5. O-O O-O 6. Nc3 d6 7. d4 c6 8. d5 e5
9. dxe6 Bxe6 10. b3 Na6 11. Ng5 Qe7 12. Nxe6 Qxe6 13. Bb2 Nc5 14. Qc2 Rad8 15.
Rad1 a5 16. e3 Rfe8 17. Rfe1 Nce4 18. Nxe4 fxe4 19. Rd2 d5 20. cxd5 Rxd5 21.
Red1 Rxd2 22. Rxd2 Nd5 23. Bxg7 Kxg7 24. Rd4 Nf6 25. Qc5 Qe5 26. Qb6 Re7 27.
Bh3 Rf7 28. Qd8 c5 29. Rd2 a4 30. Qd6 Qxd6 31. Rxd6 axb3 32. axb3 Rc7 33. Rb6
Kf7 34. Be6+ Kg7 35. Kf1 Nd7 36. Rb5 Nf6 37. Ke2 Kf8 38. Rb6 Ke7 39. Bc4 Rc6
40. Rxb7+ Kd6 41. f3 exf3+ 42. Kxf3 h6 43. Rg7 g5 44. Rg6 Ke5 45. Rxh6 g4+ 46.
Ke2 Rc8 47. h3 gxh3 48. Rxh3 Ra8 49. Kf3 Rf8 50. Rh4 Nd5+ 51. Ke2 Nf6 52. Rf4
Rh8 53. Kf3 Rh5 54. Bf7 Rg5 55. g4 Nd7 56. Re4+ Kf6 57. Rf4+ Ke5 58. Be8 Nf6
59. Bc6 Rg8 60. Rf5+ Ke6 61. e4 Rb8 62. Ba4 Rb4 63. Rxc5 Nxe4 64. Rc6+ Kd5 65.
Rg6 Nd2+ 66. Ke3 Nxb3 67. Bxb3+ Rxb3+ 68. Kf4 Rb1 69. Rf6 Rf1+ 70. Kg5 Rg1 71.
Kf5 Rf1+ 72. Kg6 Rg1 73. g5 Ke5 74. Rf8 Ke6 75. Re8+ Kd7 76. Re2 1-0

[Event "4NCL 3 South pool C"]
[Site "Daventry, ENG"]
[Date "2019.05.05"]
[Round "10.45"]
[White "Crombleholme, Alan K"]
[Black "Cont, Arya"]
[Result "0-1"]
[WhiteElo "1941"]
[BlackElo "1986"]
[PlyCount "34"]
[EventDate "2019.05.05"]
[WhiteTeam "Iceni 1"]
[BlackTeam "Oxford 2"]

1. d4 d5 2. Nf3 e6 3. c4 c6 4. Nc3 dxc4 5. a4 Bb4 6. e3 b5 7. Bd2 a5 8. axb5
Bxc3 9. Bxc3 cxb5 10. d5 Nf6 11. dxe6 Qxd1+ 12. Kxd1 Bxe6 13. Rxa5 Rxa5 14.
Bxa5 Nc6 15. Be1 Ke7 16. Nd2 Ra8 17. b3 Ra1+ 0-1

[Event "4NCL 3 South pool C"]
[Site "Daventry, ENG"]
[Date "2019.05.05"]
[Round "10.46"]
[White "Nataraj, Nakul"]
[Black "Feavyour, John A"]
[Result "1/2-1/2"]
[WhiteElo "1990"]
[BlackElo "1960"]
[PlyCount "61"]
[EventDate "2019.05.05"]
[WhiteTeam "Oxford 2"]
[BlackTeam "Iceni 1"]

1. e4 c5 2. d4 cxd4 3. c3 d3 4. Bxd3 Nc6 5. Nf3 d6 6. Be3 Nf6 7. Nbd2 g6 8. h3
Bg7 9. Qe2 O-O 10. O-O Nd7 11. Bc2 Nde5 12. Nxe5 Nxe5 13. f4 Nc6 14. Rad1 Qc7
15. Nf3 Bd7 16. f5 Ne5 17. Nxe5 Bxe5 18. Bh6 Qb6+ 19. Kh1 Bg7 20. Bxg7 Kxg7 21.
f6+ exf6 22. Qf3 Be6 23. Qxf6+ Kg8 24. b3 Rad8 25. c4 Qc5 26. Qd4 Qh5 27. Qe3
b6 28. Rd4 Qe5 29. Qd2 Rd7 30. Rd1 Rfd8 31. Qf2 1/2-1/2

[Event "4NCL 3 South pool C"]
[Site "Daventry, ENG"]
[Date "2019.05.06"]
[Round "11.11"]
[White "Marsh, Sean"]
[Black "Martin, Lewis"]
[Result "1-0"]
[WhiteElo "2245"]
[BlackElo "2196"]
[PlyCount "79"]
[EventDate "2019.05.06"]
[WhiteTeam "CSC 1"]
[BlackTeam "Check Innmates 1"]

1. d4 d5 2. c4 c6 3. cxd5 cxd5 4. Bf4 Nc6 5. e3 Bf5 6. Nc3 e6 7. Qb3 Qb6 8.
Qxb6 axb6 9. Bb5 Bb4 10. Nge2 Nf6 11. a3 Ke7 12. f3 Ra5 13. Kf2 Rha8 14. g4 Bg6
15. h4 Ne8 16. h5 Bc2 17. Rac1 Rxb5 18. axb4 Bd3 19. Nxb5 Bxb5 20. Nc3 Bc4 21.
b5 Nb4 22. Ra1 Nd3+ 23. Kg3 Ra5 24. Rxa5 bxa5 25. Ra1 b6 26. Na4 Bxb5 27. Nxb6
a4 28. Nxa4 Bxa4 29. Rxa4 Nxb2 30. Ra7+ Kf8 31. g5 Nc4 32. e4 Ned6 33. Bxd6+
Nxd6 34. Rd7 Nb5 35. exd5 Nxd4 36. dxe6 Nxe6 37. f4 Ke8 38. Ra7 Nf8 39. Kf3 Ne6
40. Ke4 1-0

[Event "4NCL 3 South pool C"]
[Site "Daventry, ENG"]
[Date "2019.05.06"]
[Round "11.12"]
[White "Truran, Michael C"]
[Black "Farrand, Tom"]
[Result "1/2-1/2"]
[WhiteElo "2148"]
[BlackElo "2163"]
[PlyCount "35"]
[EventDate "2019.05.06"]
[WhiteTeam "Check Innmates 1"]
[BlackTeam "CSC 1"]

1. d4 e6 2. c4 f5 3. Nc3 Nf6 4. Qc2 Bb4 5. a3 Bxc3+ 6. Qxc3 a5 7. b3 Qe7 8. g3
O-O 9. Bg2 d6 10. Bb2 Nbd7 11. Nf3 Ne4 12. Qc2 Ndf6 13. O-O Qf7 14. Nd2 Qh5 15.
f3 Nxd2 16. Qxd2 Bd7 17. b4 a4 18. Rac1 1/2-1/2

[Event "4NCL 3 South pool C"]
[Site "Daventry, ENG"]
[Date "2019.05.06"]
[Round "11.13"]
[White "Thompson, Ian D"]
[Black "Richmond, Peter"]
[Result "1-0"]
[WhiteElo "2149"]
[BlackElo "2075"]
[PlyCount "107"]
[EventDate "2019.05.06"]
[WhiteTeam "CSC 1"]
[BlackTeam "Check Innmates 1"]

1. Nf3 d5 2. b3 Bf5 3. Bb2 e6 4. d4 c6 5. e3 Nd7 6. Be2 Bd6 7. O-O Qc7 8. c4
Ngf6 9. h3 h6 10. Nc3 Ne4 11. Rc1 Nxc3 12. Bxc3 Ba3 13. Ra1 a5 14. Bd3 Bxd3 15.
Qxd3 Nf6 16. Nd2 Bb4 17. Rac1 O-O 18. e4 Bxc3 19. Rxc3 dxe4 20. Nxe4 Nxe4 21.
Qxe4 Rfd8 22. Rd1 Qd6 23. Rcd3 b6 24. d5 cxd5 25. cxd5 exd5 26. Rxd5 Qc7 27. g3
Rxd5 28. Rxd5 Rc8 29. Kg2 g6 30. Qd4 Qc2 31. Rd6 Qxa2 32. Qxb6 Qe2 33. Rd8+
Rxd8 34. Qxd8+ Kg7 35. Qxa5 Qe4+ 36. Kh2 Qd4 37. Qe1 g5 38. Qe3 Qb2 39. Kg2 f5
40. Qe7+ Kg6 41. Qd6+ Kg7 42. b4 Qc2 43. Qd7+ Kg6 44. Qc6+ Kg7 45. b5 f4 46.
gxf4 g4 47. Qd7+ Kf6 48. hxg4 Qe4+ 49. Kg3 Qe1 50. Qd6+ Kf7 51. Qd5+ Kf8 52.
Kg2 Qe2 53. Qf5+ Kg8 54. b6 1-0